Gramática transformativa del español

Guardado en:
Bibliografiske detaljer
Hovedforfatter: Hadlich, Roger L.
Format: Bog
Sprog:Undetermined
Udgivet: Madrid, España Gredos 1973
Fag:
Tags: Tilføj Tag
Ingen Tags, Vær først til at tagge denne postø!

MARC

LEADER 00000nam a2200000Ia 4500
008 170316s9999 xx 000 0 und d
090 |a 415-E H-1g 
100 |a Hadlich, Roger L. 
245 |a Gramática transformativa del español 
260 |a Madrid, España 
260 |b Gredos 
260 |c 1973 
300 |a 464 páginas 
650 |a GRAMÁTICA ESPAÑOLA 
999 |c 18985  |d 18985 
040 |a cru BVZT 
942 |c 15 D  |h 415-E H-1g  |2 z